| 000 | 00738cam a22002533a 4500 | ||
|---|---|---|---|
| 001 | 25133 | ||
| 003 | PGUSA | ||
| 005 | 20140828083536.0 | ||
| 008 | 080422s2008||||xxu|||||s|||||000 | eng d | ||
| 040 |
_aPGUSA _beng |
||
| 042 | _adc | ||
| 050 | 4 | _aBV | |
| 100 | 1 |
_aGuyon, Jeanne Marie Bouvier de la Motte, _d1648-1717 |
|
| 245 | 1 | 0 |
_aSpiritual Torrents _h[electronic resource] / _cJeanne Marie Bouvier de la Motte Guyon |
| 260 |
_bProject Gutenberg, _c2008 |
||
| 506 | _aPublic domain in the USA. | ||
| 516 | _aElectronic text | ||
| 653 | _aQuietism | ||
| 653 | _aSpiritual life -- Catholic Church | ||
| 653 | _aMysticism | ||
| 830 | 0 |
_aProject Gutenberg _v25133 |
|
| 856 | 4 | 0 | _uhttp://www.gutenberg.org/ebooks/25133 |
| 942 | _cEB | ||
| 999 |
_c254388 _d254388 |
||